00905nam a22002891 45000010005000000030006000050050017000110080041000280100017000690350012000860400023000980500014001210820010001351000022001452450048001672500035002152600030002503000064002805050007003445200125003515210027004765210018005036500019005219060045005409420015005859990015006009125FISKH20251124104219.0850820s1966 nyua j 000 1 eng  a 66015084  a1225076 aDLCcDLCdDLCbeng aPZ4.K2512 a823.91 aKeeping, Charles.10aShaun and the cart-horse /cCharles Keeping aThis edition published in 1979 aNew York,bF. Wattsc1966 a32 unnumbered pages : bcolor illustrations ; c21 x 27 cm aJ  aWhen the man next door is forced to sell his cart horse Shaun sets out to find it and to raise the money to buy it back.8 a430 bLexile estimate 8 aJ bRaz-Plus  1aPicture books. a7bcbccorignewdueocipf19gy-gencatlg 2ddccBKn0 c9125d9125